000 00582nam a2200229Ia 4500
003 OSt
005 20221006164145.0
006 a|||||r|||| 00| 0
007 ta
008 221006b |||||||| |||| 00| 0 eng d
024 _a2,495
037 _cTextual
040 _aFML
_cFML
_beng
041 _2eng
_aeng
082 _aNR44, M61
100 _aSahukar Mani Au.
_9611165
245 0 _aIndian Classical Music
260 _aNew Delhi
_bReliance
_c1986
300 _a68
_ccm.
942 _hNR44, M61
_cTEXL
_2CC
999 _c1116378
_d1116378